Регионална библиотека "Любен Каравелов" - Русе

В света на интелекта (Запис номер 101275)

MARC детайли
000 -Лидер
Контролно поле с фиксирана дължина 02335nam a2200421 c 4500
003 - Код на организацията, давaща контролен номер
Контролно поле BLK
005 - Дата и час на последна редакция
Контролно поле 20190119172132.0
008 - Елементи от данни с фиксирана дължина
fixed length control field 180409b bul|||||r ||||||| ||bul||
010 ## - Наследен системен номер
LC control number KNG00106318000
020 ## - Международен стандартен номер на книга ISBN
Международен стандартен номер на книга ISBN 954-607-167-6
-- издат.: Лик
040 ## - Източник на каталожния запис
Идентификатор на билиотеката - собственик на записа BLK
041 ## - Код за език
Код за езика на текст/звукозапис или на отделно заглавие Български
Код за езика КДБФ Български
080 ## - УДК
Текстов определител УДК Основно образование
УДК код - определител по УДК 372.4
УДК определител .037(079)
УДК - код + определител 372.4.037(079)
080 ## - УДК
Текстов определител УДК Психология на детската възраст. Интелектуално развитие на децата. Психически особености. Детски представи, описани в разкази
УДК код - определител по УДК 159.922.7
УДК определител .072
УДК - код + определител 159.922.7.072
080 ## - УДК
Текстов определител УДК Мислене. Представа - Абстракция. Подбор. Сравнение. Размисъл. Преценка. Мнение. Умозаключение. Индукция. Дедукция. Евристика. Мислене и говорене. Рефлексия (психол.)
УДК код - определител по УДК 159.955
УДК определител -053.2(079)
УДК - код + определител 159.955-053.2(079)
100 1# - Редна дума - Автор
Автор Рангелова, Рени Илиева
Авторска отговорност първи автор
R(LIN) 364911
139 ## - Редно поле
Редна дума Рангелова, Рени и др.
Авторски знак Ранг - Р 35
245 10 - Сведения за заглавието
Заглавие В света на интелекта
Подзаглавни данни Занимателни задачи и игри за деца от 6 до 11 г., техните родители и учители
Редно поле (дума) Рени Илиева Рангелова; съавт. Вячеслав Кирилов Величков.
257 ## - Страна на издаване
Страна на създаване/издаване България
260 ## - Област на издателските данни
-- София
Име на издателя, разпространителя и проч. Лик
Година на издаване 1999
300 ## - Физическа характеристика
Страници 127 с.
Илюстрации и др. с ил.
Размери/Мащаб 23 см
380 ## - Жанр
Жанр Обществени науки
500 ## - Общи забележки
Забележка В кн. означено 2. попр. изд.
650 #4 - Допълнително описание по предмет – тема
Основно описание – тема или топоним Деца - интелектуално развитие - тестове
9 (RLIN) 308761
650 #4 - Допълнително описание по предмет – тема
Основно описание – тема или топоним Интелект - у деца
9 (RLIN) 275202
650 #4 - Допълнително описание по предмет – тема
Основно описание – тема или топоним Тестове - за интелигентност - на деца
9 (RLIN) 244144
650 #4 - Допълнително описание по предмет – тема
Основно описание – тема или топоним Дидактически игри - в училищата
9 (RLIN) 271008
653 ## - Ключова дума – ненормативна
Ключова дума интелект
653 ## - Ключова дума – ненормативна
Ключова дума дидактически игри
653 ## - Ключова дума – ненормативна
Ключова дума тестови задачи
653 ## - Ключова дума – ненормативна
Ключова дума интелигентност
700 1# - Други автори (авторска отговорност)
Лично име Величков, Вячеслав Кирилов
Автороска отговорност (Описва отношението между автора и произведението) съавт.
9 (RLIN) 365178
852 ## - Местоположение
Форматна сигнатура Цб 214951
856 4# - Електронен адрес и достъп
Електронен формат pdf - файл
Път до файла /url/
856 4# - Електронен адрес и достъп
Електронен формат pdf - файл
Път до файла /url/
942 ## - АРТИКУЛИ
Вид на библиотечния материал Книги
Скрит в OPAC Не
Koha issues (borrowed), all copies 1
944 ## - СЪЗДАВАНЕ И РЕДАКЦИЯ на ЗАПИСА
Създаване/Редакция Създаване
Дата на регистрацията/редакция 01.01.1999
Служител, извършил регистрацията/редакцията Геновева_Генчева
944 ## - СЪЗДАВАНЕ И РЕДАКЦИЯ на ЗАПИСА
Създаване/Редакция Редакция
Дата на регистрацията/редакция 28.10.2003
Служител, извършил регистрацията/редакцията
999 ## - СИСТЕМНИ КОНТРОЛНИ НОМЕРА
Koha biblionumber 101275
Koha biblioitemnumber 101275
Наличности
Код за отписване Код за изгубен артикул Източник на класификационната схема Код за повреда Коз за рестрикции Код за отдаване Артикулен № Име на библиотеката - собственик Име на библиотеката, в която се намира в момента Статус (Текущо местоположение) Дата на вписване в системата Местоположение - отдел Цена в лева Инвентарен номер Систематично азбучна сигнатура Баркод Номер на екземпляра Цена в евро Служебна бележка Служебен тип на артикула
Изтеглен Не е изгубен Universal Decimal Classification Не е повреден без рестрикции заемане за дома 162989 Регионална библиотека "Любен Каравелов" Русе Регионална библиотека "Любен Каравелов" Русе Детски отдел 2003-05-26 Детски отдел 2.80 120000676395 Д 372.4/Р 35 120000676395 1 1.43 Дост: Pk Вид: Ф N: 1 Дата: 26.05.2003 Дата инв: 06.12.2016 Бележки инв: Д2015 Книги
  Не е изгубен   Не е повреден без рестрикции ползва се в читалня 162990 Регионална библиотека "Любен Каравелов" Русе Регионална библиотека "Любен Каравелов" Русе Хранилище 2003-10-10 Хранилище 2.80 120000678967 Цб 214951 120000678967 2 1.43 Дост: Dp Вид: Д N: 41 Дата: 02.10.2002 Книги
Vip Innovations Ltd, Rousse, Bulgaria 2025